How to do everything with your scanner / (رقم التسجيلة. 576)

تفاصيل مارك
000 -الفاتح
حقل البيانات ثابتة الطول 01214cam a2200313 a 4500
001 - رقم الضبط
رقم الضبط 13474596
003 - محدد رقم الضبط
رقم الضبط OSt
005 - وقت وتاريخ اخر تعامل مع التسجيلة
رقم الضبط 20150408113721.0
008 - عناصر البيانات ثابتة الطول - معلومات عامة
حقل البيانات ثابتة الطول 040130s2003 nyua 001 0 eng
010 ## - رقم ضبط مكتبة الكونجرس
رقم ضبط مكتبة الكونجرس 2004268649
020 ## - الرقم الدولى المعيارى للكتب
الرقم الدولى المعيارى للكتاب 0072228911
040 ## - مصدر الفهرسة
وكالة الفهرسة الأصلية DLC
وكالة النسخ DLC
وكالة التعديل DLC
050 00 - رقم طلب مكتبة الكونجرس
رقم التصنيف TK7882.S3
رقم المادة G55 2003
082 00 - رقم تصنيف ديوى العشرى
رقم التصنيف 621.367
رقم الطبعة 22
100 1# - المدخل الرئيسى - إسم شخصى
الإسم الشخصى Huss, David.
9 (RLIN) 4968
245 10 - بيان العنوان
العنوان How to do everything with your scanner /
بيان المسئوليه,etc Dave Huss.
250 ## - بيان الطبعة
بيان الطبعة 2nd ed.
260 ## - PUBLICATION, DISTRIBUTION, ETC. (IMPRINT)
مكان الناشر او الموزع New York :
اسم الناشر او الموزع McGraw-Hill/Osborne,
تاريخ النشر أو التوزيع c2003.
300 ## - الوصف المادى
التعداد xix, 298 p. :
تفاصيل ماديه اخرى للوعاء ill. (some col.) ;
أبعاد الوعاء 24 cm.
500 ## - تبصرة عامة
تبصرة عامة Rev. ed. of: How to do everything with your scanner / Jill Gilbert. c2001.
500 ## - تبصرة عامة
تبصرة عامة Includes index.
650 #0 - المدخل الاضافى بالموضوع-مصطلح موضوعى
مصطلح موضوعي أو اسم جغرافي كعنصر مدخل Scanning systems.
9 (RLIN) 4969
650 #0 - المدخل الاضافى بالموضوع-مصطلح موضوعى
مصطلح موضوعي أو اسم جغرافي كعنصر مدخل Computer peripherals.
9 (RLIN) 4970
700 1# - المدخل الاضافى - اسم شخصى
الإسم الشخصى Welytok, Jill Gilbert.
عنوان العمل How to do everything with your scanner.
9 (RLIN) 4971
856 42 - الوصول و الموقع الالكترونى
مواد محددة Publisher description
معرف المصدر الموحد <a href="http://www.loc.gov/catdir/description/mh051/2004268649.html">http://www.loc.gov/catdir/description/mh051/2004268649.html</a>
856 41 - الوصول و الموقع الالكترونى
مواد محددة Table of contents
معرف المصدر الموحد <a href="http://www.loc.gov/catdir/toc/mh041/2004268649.html">http://www.loc.gov/catdir/toc/mh041/2004268649.html</a>
942 ## - عناصر المدخل الإضافي( كوها)
مصدر التصنيف او مخطط الترفيف Dewey Decimal Classification
Koha [default] item type كتاب
المقتنيات
حالة الفقد نموذج السعر الفعال حالة تلف ليس للاعارة رقم الطلب تاريخ الاكتساب الموقع الحالي الباركود الفرع الرئيسي Date last seen نوع المادة فى نظام كوها مصدر التصنيف او خطة الترفيف Total Checkouts
  2013-03-10     621.367 H D H 2011-09-28 المكتبة المركزية بالمجمعة (CL) 00047643 المكتبة المركزية بالمجمعة (CL) 2013-03-10 كتاب Dewey Decimal Classification  
  2013-03-10     621.367 H D H 2011-09-28 المكتبة المركزية بالمجمعة (CL) 00047642 المكتبة المركزية بالمجمعة (CL) 2013-03-10 كتاب Dewey Decimal Classification  
  2013-03-10     621.367 H D H 2011-09-28 المكتبة المركزية بالمجمعة (CL) 00047629 المكتبة المركزية بالمجمعة (CL) 2013-03-10 كتاب Dewey Decimal Classification  
  2013-03-10     621.367 H D H 2011-09-28 مكتبة كلية التمريض - طلاب (CNM) 00047645 مكتبة كلية التمريض - طلاب (CNM) 2013-03-10 كتاب Dewey Decimal Classification  
  2013-03-10     621.367 H D H 2011-09-28 مكتبة كلية التمريض - طلاب (CNM) 00047644 مكتبة كلية التمريض - طلاب (CNM) 2013-03-10 كتاب Dewey Decimal Classification